logo

Bir Sreshtho Munshi Abdur Rouf Library
Jhenaidah Cadet College

বিশ্বশ্রেষ্ঠ দার্শনিক / (Record no. 13404)

MARC details
000 -LEADER
fixed length control field 00711nam a2200229 a 4500
001 - CONTROL NUMBER
JCCL Control Number 13404
003 - CONTROL NUMBER IDENTIFIER
JCCL marc code BD-JhCC
005 - DATE AND TIME OF LATEST TRANSACTION
control field 20230917085551.0
008 - FIXED-LENGTH DATA ELEMENTS--GENERAL INFORMATION
fixed length control field 230916b2008 bg |||| ||a| 000 0 ben d
020 ## - INTERNATIONAL STANDARD BOOK NUMBER
International Standard Book Number 9847008200695
035 ## - SYSTEM CONTROL NUMBER
system control number (BD-JhCC)13404
040 ## - CATALOGING SOURCE
Original cataloging agency BD-JhCC
Modifying agency BD-JhCC
041 ## - LANGUAGE CODE
Language code of Book bengali
082 ## - DEWEY DECIMAL CLASSIFICATION NUMBER
Classification number 190.92
Author mark and Year AAR 2008
100 ## - MAIN ENTRY--PERSONAL NAME
Personal name আর্যু, অস্ট্রিক
245 ## - TITLE STATEMENT
Title বিশ্বশ্রেষ্ঠ দার্শনিক /
Statement of responsibility, etc অস্ট্রিক আর্যু।
260 ## - PUBLICATION, DISTRIBUTION, ETC. (IMPRINT)
Place of publication, distribution, etc ঢাকা:
Name of publisher, distributor, etc অনিন্দ্য প্র্রকাশ;
Date of publication, distribution, etc 2008.
300 ## - PHYSICAL DESCRIPTION
Pagination 143 p. :
Dimensions 22 cm.
650 ## - SUBJECT ADDED ENTRY--TOPICAL TERM
Topical term or geographic name as entry element Philosophers, Modern
942 ## - ADDED ENTRY ELEMENTS (KOHA)
Source of classification or shelving scheme Dewey Decimal Classification
Koha item type Books
Holdings
Source of classification or shelving scheme Damaged status Not for loan Home library Current library Shelving location Date of accession Cost, normal purchase price Full call number Barcode Date last seen Copy number Method of acquisition Koha item type Currency
Dewey Decimal Classification     JCC Rouf Library JCC Rouf Library General Stacks 09/16/2023 113.00 190.92 AAR 2008 18232 09/16/2023 C-1 Purchase Books BDT

JCC Library | Contacts | JCC Home

Last Update on 23 September 2017
Copyright @ 2017-2020 JCC Rouf Library
Rouf Library, Jhenidah Cadet College (JCC), Bangladesh